000 02360cam a22004574i 4500
003 PE-LiUPU
005 20250731173247.0
008 150625s1993 xxka r 000 0 spa d
035 _a(Sirsi) a35474
040 _aPE-LiUPU
_bspa
_cPE-LiUPU
_erda
082 0 4 _a234.165
_bD85
_221
100 1 _aDobson, James C.,
_d1911-1977,
_eautor.
245 1 0 _aHablemos con franqueza :
_blo que los hombres deben de saber comprender a las mujeres /
_cJames C. Dobson.
264 1 _aMiami, Florida :
_bBetania,
_c1993.
300 _a273 páginas :
_bilustraciones, gráficos ;
_c18 centímetros
336 _atext
_2rdacontent
337 _aunmediated
_2rdamedia
338 _avolume
_2rdacarrier
505 0 _aUn hombre mira hacia el pasado -- El hombre y su identidad sexual -- Mi padre -- La revelación -- La herencia -- El hombre y sus hijos -- La prioridad fundamental de un hombre -- El hombre y su autoridad -- Preguntas relativas a los hijos -- El hombre y su esposa -- El hombre y la vida recta -- El hombre y su trabajo -- El hombre y su dinero -- Diferencias biológicas entre el hombre y la mujer -- El hombre en la edad media -- El hombre y sus emociones -- El hombre y sus animales -- El hombre y su Dios -- El hombre y su muerte.
526 _aSEG42
526 _aSEG41
526 _aSEG40
526 _aSEG39
526 _aP94
526 _aP87
526 _aP86
526 _aP85
526 _aP77
526 _aP76
526 _aP35
541 _g001-0014464;
541 _g001-0014464;
650 0 4 _aRelaciones de pareja.
_92308
910 _bjv
_clch
_d20060913
942 _2ddc
_cBOOK
949 _a234.165 D85
_wDEWEY
_c1
_i55555
_lCCODEBUL1
_mBUL
_p8.00
_r0
_sY
_tBOOK
_u2015-06-25
_xBIBLIOTECA
_zUNKNOWN
_0COMPRA
_o.STAFF. Colección Teología
949 _a234.165 D85
_wDEWEY
_c2
_i38863
_lCCODEBUL1
_mBUL
_p8.00
_r0
_sY
_tBOOK
_u2015-06-25
_xBIBLIOTECA
_zUNKNOWN
_0COMPRA
_o.STAFF. Colección Teología
596 _a1
999 _a234.165 D85
_wDEWEY
_c43442
_i55555
_d43442
_e2018-3-1
_f2021-11-11
_g5
_lCCODEBUL1
_mBUL
_n4
_p8.00
_r0
_sY
_tBOOK
_u2015-6-25
_xTEOLOGIA
_PP35
_0COMPRA
_o.STAFF. Colección Teología
999 _a234.165 D85
_wDEWEY
_c2
_i38863
_f2021-11-10
_g5
_lCCODEBUL1
_mBUL
_p8.00
_r0
_sY
_tBOOK
_u2015-6-25
_xTEOLOGIA
_zUNKNOWN
_0COMPRA
_o.STAFF. Colección General
980 _81
_gALBERTO SANCHEZ Responsable de Automatización